| 000 | 00570nam a22002057a 4500 | ||
|---|---|---|---|
| 003 | OSt | ||
| 005 | 20150508132209.0 | ||
| 008 | 130918t xxu||||| |||| 00| 0 eng d | ||
| 020 | _a9780439101356 | ||
| 020 | _a0439101352 | ||
| 050 |
_aPZ 7 _b.Au933 2000 |
||
| 082 |
_aFIC _bAu7p 2003 |
||
| 100 |
_aAusten, Jane _93072 |
||
| 245 |
_aPride and prejudice / _cJane Austen with an introduction by Katherine Paterson. |
||
| 260 |
_aNew York : _bScholastic Inc, _c2000. |
||
| 300 |
_a405 pages ; _c20 cm. |
||
| 650 |
_aFiction. _9746 |
||
| 942 |
_2lcc _cBK |
||
| 999 |
_c283907 _d283907 |
||